| 000 | 00836nam a2200301 i 4500 | ||
|---|---|---|---|
| 001 | 17197 | ||
| 003 | ES-MaACL | ||
| 005 | 20230906151525.0 | ||
| 007 | t| | ||
| 008 | 010122s1995 sp ||||0| spa j | ||
| 020 | _a84-7426-263-1 | ||
| 040 |
_aM-BN _bspa _cM-BN |
||
| 080 | _a329.3(65) | ||
| 080 | _a291.3(65) | ||
| 080 | _a32(65)"1962/..." | ||
| 100 | 1 |
_aNaïr, Sami. _984866 |
|
| 245 | 1 | 0 |
_aEn el nombre de Dios / _cSami Naïr. |
| 250 | _a1ª ed. | ||
| 260 |
_aBarcelona : _bIcaria, _c1995. |
||
| 300 |
_a95 p. ; _c22 cm. |
||
| 490 | 1 |
_aIcaria más madera ; _v7 |
|
| 650 | 4 |
_aIntegrismo musulmán- _zArgelia. _9168701 |
|
| 651 | 4 |
_aArgelia- _xPolítica y gobierno. _9168702 |
|
| 830 | 0 |
_aIcaria más madera ; _v7 _9176572 |
|
| 852 |
_aES-MaACL _jL-24167 _bR.129416 |
||
| 999 |
_c17197 _d17197 |
||